[Event "SR 1. liga zapad 2011/2012"]
[Site "?"]
[Date "2012.01.08"]
[Round "7.1"]
[White "Janko, Zoltan"]
[Black "Kaniansky, Miroslav"]
[Result "0-1"]
[WhiteElo "2287"]
[BlackElo "2199"]
[PlyCount "82"]
[EventDate "2011.??.??"]

1. e4 e5 2. Nf3 Nc6 3. d4 exd4 4. Nxd4 Bc5 5. Nxc6 Qf6 6. Qf3 Qxf3 7. gxf3 bxc6
8. Nc3 Ne7 9. Na4 Bb4+ 10. c3 Ba5 11. Be3 O-O 12. b4 Bb6 13. Nxb6 cxb6 14. c4
d5 15. c5 bxc5 16. Bxc5 Re8 17. O-O-O Be6 18. Ba6 dxe4 19. fxe4 Bxa2 20. Bb7
Rab8 21. Rd7 Ng6 22. Bxa7 Ne5 23. Bxb8 Nxd7 24. Bg3 Rxe4 25. Rd1 Rc4+ 26. Kd2
Rxb4 27. Re1 Rxb7 28. Re8+ Nf8 29. Bd6 h6 30. Ke3 Kh7 31. Bxf8 Rb3+ 32. Kd4 Rf3
33. Re2 Bd5 34. Bd6 g5 35. Bg3 f5 36. Bd6 Kg6 37. Bf8 Be4 38. Ke5 Rh3 39. f4
Rd3 40. Bd6 Bd5 41. Be7 Bf7 0-1

[Event "SR 1. liga zapad 2011/2012"]
[Site "?"]
[Date "2012.01.08"]
[Round "7.1"]
[White "Szegi, Tamas"]
[Black "Garban, Mario"]
[Result "1-0"]
[WhiteElo "2246"]
[BlackElo "1994"]
[PlyCount "119"]
[EventDate "2011.??.??"]

1. e4 e5 2. Nf3 Nc6 3. d4 exd4 4. Nxd4 Bc5 5. Nxc6 Qf6 6. Qf3 dxc6 7. Nc3 Be6
8. Be2 O-O-O 9. O-O Qxf3 10. Bxf3 Ne7 11. Na4 Bd4 12. c3 Bb6 13. Nxb6+ axb6 14.
Be3 Ng6 15. Be2 Ne5 16. b3 f6 17. Rad1 Rhe8 18. h3 Rxd1 19. Rxd1 Rd8 20. f4
Rxd1+ 21. Bxd1 Nd7 22. Kf2 Kd8 23. g4 Ke7 24. Kf3 c5 25. h4 b5 26. Bf2 c6 27.
Be2 b4 28. cxb4 cxb4 29. Bd3 Bf7 30. Bd4 Kd6 31. g5 b5 32. Bf2 h6 33. gxh6 Bh5+
34. Ke3 gxh6 35. Be1 Kc5 36. Bd2 Bd1 37. Bf1 Bc2 38. Bh3 Nf8 39. Bf5 Bb1 40.
Bc1 Bxa2 41. Bb2 Bxb3 42. Bxf6 Ne6 43. Be7+ Kb6 44. Bxb4 c5 45. Bc3 Kc6 46. Bg4
b4 47. Ba1 Kd7 48. f5 Nd8 49. Bg7 Bf7 50. e5 b3 51. e6+ Kd6 52. exf7 Nxf7 53.
Ke4 c4 54. Bb2 Kc5 55. Ba3+ Kb5 56. Kd4 Nd6 57. f6 c3 58. Bd7+ Ka5 59. Bxd6 b2
60. Bf5 1-0

[Event "SR 1. liga zapad 2011/2012"]
[Site "?"]
[Date "2012.01.08"]
[Round "7.1"]
[White "Vrablik, Miroslav"]
[Black "Edes, Zsofia"]
[Result "1-0"]
[WhiteElo "2067"]
[BlackElo "1989"]
[PlyCount "51"]
[EventDate "2011.??.??"]

1. e4 c5 2. Nf3 a6 3. c3 d5 4. exd5 Qxd5 5. d4 Nc6 6. Be2 Bg4 7. O-O e6 8. h3
Bh5 9. c4 Qf5 10. d5 O-O-O 11. Nc3 exd5 12. cxd5 Nb4 13. Qa4 Qc2 14. Qa5 Nxd5
15. Bg5 f6 16. Rac1 Qf5 17. Nd4 Qe5 18. Bxh5 fxg5 19. Bg4+ Rd7 20. Nf3 Qc7 21.
Qxc7+ Nxc7 22. Rcd1 Nf6 23. Rxd7 Nxg4 24. Rxc7+ Kxc7 25. hxg4 h5 26. Nxg5 1-0

[Event "SR 1. liga zapad 2011/2012"]
[Site "?"]
[Date "2012.01.08"]
[Round "7.2"]
[White "Berek, Geza"]
[Black "Martiska, Peter"]
[Result "1/2-1/2"]
[WhiteElo "2186"]
[BlackElo "2281"]
[PlyCount "30"]
[EventDate "2011.??.??"]

1. e4 c6 2. d4 d5 3. exd5 cxd5 4. Bd3 Nc6 5. c3 g6 6. Nf3 Bg7 7. O-O Nh6 8. Re1
O-O 9. h3 Nf5 10. Bf4 Nd6 11. Nbd2 b6 12. Ne5 Nxe5 13. Bxe5 Bf5 14. Bxg7 Kxg7
15. Bxf5 Nxf5 1/2-1/2

[Event "SR 1. liga zapad 2011/2012"]
[Site "?"]
[Date "2012.01.08"]
[Round "7.2"]
[White "Beres, Dominik"]
[Black "Gorusa, Miroslav"]
[Result "1/2-1/2"]
[WhiteElo "2107"]
[BlackElo "2213"]
[PlyCount "41"]
[EventDate "2011.??.??"]

1. e4 e6 2. d4 d5 3. Nd2 Nf6 4. e5 Nfd7 5. f4 c5 6. c3 Nc6 7. Ngf3 Qb6 8. Nb3
a5 9. dxc5 Nxc5 10. Be3 a4 11. Nxc5 Bxc5 12. Bxc5 Qxc5 13. Qd2 O-O 14. Qf2 b6
15. Be2 Ba6 16. Bxa6 Rxa6 17. O-O Qxf2+ 18. Rxf2 Rc8 19. a3 Ra7 20. Rd1 Rac7
21. Re2 1/2-1/2

[Event "SR 1. liga zapad 2011/2012"]
[Site "?"]
[Date "2012.01.08"]
[Round "7.2"]
[White "Debnar, Lubos"]
[Black "Fabian, Jaroslav"]
[Result "1-0"]
[WhiteElo "2266"]
[BlackElo "2192"]
[PlyCount "89"]
[EventDate "2011.??.??"]

1. d4 Nf6 2. c4 g6 3. Nc3 d5 4. cxd5 Nxd5 5. e4 Nxc3 6. bxc3 Bg7 7. Bc4 O-O 8.
Ne2 c5 9. O-O cxd4 10. cxd4 Nc6 11. Be3 Na5 12. Bd3 b6 13. Rc1 e6 14. Qd2 Bb7
15. h4 Rc8 16. h5 Rxc1 17. Rxc1 Qa8 18. h6 Bh8 19. f3 Rc8 20. Bg5 Rxc1+ 21.
Qxc1 Qc8 22. Qf4 e5 23. Qh4 exd4 24. Bf6 Bxf6 25. Qxf6 Qf8 26. Qf4 Qd8 27. Qe5
Qf8 28. Qf4 Qd8 29. Ng3 Nc6 30. Bc4 Qe7 31. Nh5 gxh5 32. Qg3+ Kf8 33. Qg7+ Ke8
34. Qxh7 Ne5 35. Qg8+ Kd7 36. h7 Ng6 37. Bxf7 Bxe4 38. Bxg6 Bxg6 39. Qd5+ Kc7
40. Qc4+ Kb7 41. h8=Q Qe3+ 42. Kh1 Qe1+ 43. Kh2 Qh4+ 44. Kg1 Qe1+ 45. Qf1 1-0

[Event "SR 1. liga zapad 2011/2012"]
[Site "?"]
[Date "2012.01.08"]
[Round "7.2"]
[White "Dlhy, Jozef"]
[Black "Beres, Lukas"]
[Result "1/2-1/2"]
[WhiteElo "2075"]
[BlackElo "1902"]
[PlyCount "44"]
[EventDate "2011.??.??"]

1. d4 Nf6 2. Nf3 g6 3. Bf4 Bg7 4. e3 d6 5. h3 c6 6. Nbd2 O-O 7. Bc4 a5 8. a4
Na6 9. O-O Bf5 10. Re1 d5 11. Bb3 Nc7 12. Be5 Nce8 13. Nh4 Bc8 14. e4 dxe4 15.
Nxe4 Nxe4 16. Rxe4 Nf6 17. Re1 Nd5 18. Bxg7 Kxg7 19. Qe2 Re8 20. Nf3 Bf5 21.
Qe5+ f6 22. Qg3 Nb4 1/2-1/2

[Event "SR 1. liga zapad 2011/2012"]
[Site "?"]
[Date "2012.01.08"]
[Round "7.2"]
[White "Kalisky, Vladimir"]
[Black "Hagara, Eduard"]
[Result "0-1"]
[WhiteElo "2234"]
[BlackElo "2388"]
[PlyCount "42"]
[EventDate "2011.??.??"]

1. e4 e6 2. d4 d5 3. exd5 exd5 4. Bd3 Nc6 5. c3 Bd6 6. Nf3 Nge7 7. O-O Bg4 8.
h3 Bh5 9. Nbd2 Qd7 10. b4 f6 11. Nb3 b6 12. a4 O-O 13. a5 Ng6 14. Re1 Rae8 15.
Be2 Nd8 16. Be3 Bf4 17. Bf1 Bxe3 18. fxe3 Nh4 19. Nbd2 Nf7 20. Ne5 Rxe5 21. g4
Rg5 0-1

[Event "SR 1. liga zapad 2011/2012"]
[Site "?"]
[Date "2012.01.08"]
[Round "7.2"]
[White "Maros, Milan"]
[Black "Cibulka, Vladimir"]
[Result "1/2-1/2"]
[WhiteElo "2336"]
[BlackElo "2278"]
[PlyCount "35"]
[EventDate "2011.??.??"]

1. d4 d5 2. c4 c6 3. Nf3 e6 4. Nc3 Nf6 5. Bg5 Be7 6. e3 Nbd7 7. Bd3 O-O 8. O-O
b6 9. Qe2 Bb7 10. cxd5 Nxd5 11. Bxe7 Qxe7 12. Rfd1 Rfd8 13. Rac1 Rac8 14. a3
Nxc3 15. Rxc3 c5 16. h3 cxd4 17. Rxc8 Rxc8 18. Nxd4 1/2-1/2

[Event "SR 1. liga zapad 2011/2012"]
[Site "?"]
[Date "2012.01.08"]
[Round "7.2"]
[White "Novotny, Michal"]
[Black "Jancovic, Peter"]
[Result "1/2-1/2"]
[WhiteElo "1964"]
[BlackElo "2149"]
[PlyCount "82"]
[EventDate "2011.??.??"]

1. e4 e5 2. Nf3 Nf6 3. d4 Nxe4 4. Nxe5 d5 5. Nc3 Bb4 6. Bd2 Nxd2 7. Qxd2 O-O 8.
O-O-O Nd7 9. h4 c6 10. Bd3 a5 11. a3 Bd6 12. f4 Qc7 13. Rdf1 b5 14. Nd1 a4 15.
c3 Nb6 16. Qc2 h6 17. Ne3 Nc4 18. Nf5 Bxf5 19. Bxf5 Ne3 20. Qd3 Nxf1 21. Rxf1
c5 22. dxc5 Bxe5 23. fxe5 Qxe5 24. Bd7 Ra7 25. c6 Rd8 26. Qxb5 Qe3+ 27. Kd1 d4
28. Re1 Qf4 29. Qb6 Rdxd7 30. cxd7 Rxd7 31. Qc6 Qg4+ 32. Kc2 Qf5+ 33. Qe4 d3+
34. Kd1 Qf2 35. Qxa4 f5 36. Re8+ Kh7 37. Qxd7 Qc2+ 38. Ke1 Qc1+ 39. Kf2 Qf4+
40. Kg1 Qc1+ 41. Kf2 Qf4+ 1/2-1/2

[Event "SR 1. liga zapad 2011/2012"]
[Site "?"]
[Date "2012.01.08"]
[Round "7.2"]
[White "Skreno, Vladimir"]
[Black "Zahorsky, Robert"]
[Result "1-0"]
[WhiteElo "2178"]
[BlackElo "1996"]
[PlyCount "85"]
[EventDate "2011.??.??"]

1. d4 d5 2. Nf3 c6 3. c4 Nf6 4. cxd5 cxd5 5. Nc3 Nc6 6. Bf4 a6 7. e3 e6 8. Be2
Be7 9. O-O Nh5 10. Bg3 Nxg3 11. hxg3 O-O 12. Rc1 Bd7 13. a3 b5 14. b4 f5 15.
Nd2 Bd6 16. f4 Ne7 17. Nb3 Kh8 18. Bd3 Ng8 19. Nc5 Nf6 20. Be2 Qe7 21. Bf3 Ra7
22. Qb3 Ne4 23. N3xe4 fxe4 24. Be2 g6 25. Rc2 Qf6 26. Nxd7 Rxd7 27. Rfc1 g5 28.
Rc8 Rg7 29. Rxf8+ Bxf8 30. Rc8 Rg8 31. Qc2 gxf4 32. gxf4 Qh4 33. Bf1 Qg3 34.
Qf2 Qg7 35. Rc6 Qb7 36. Qc2 a5 37. bxa5 Bxa3 38. Rb6 Qg7 39. Rxb5 Qh6 40. a6
Qh3 41. Rb3 Bd6 42. a7 h5 43. a8=Q 1-0

[Event "SR 1. liga zapad 2011/2012"]
[Site "?"]
[Date "2012.01.08"]
[Round "7.3"]
[White "Bury, Rastislav"]
[Black "Obona, Jan"]
[Result "0-1"]
[WhiteElo "2173"]
[BlackElo "2151"]
[PlyCount "156"]
[EventDate "2011.??.??"]
[TimeControl "180"]

1. d4 d5 2. c4 e6 3. Nf3 c6 4. Qc2 Nd7 5. g3 Ngf6 6. Bg2 Be7 7. O-O O-O 8. Nbd2
b6 9. b3 Ba6 10. Bb2 Rc8 11. Rfc1 h6 12. e4 dxe4 13. Nxe4 Nxe4 14. Qxe4 c5 15.
Rd1 Nf6 16. Qe2 Qc7 17. Ne5 cxd4 18. Nc6 e5 19. Qxe5 Bd6 20. Qxd4 Bc5 21. Qe5
Bxf2+ 22. Kf1 Bc5 23. Qf5 Rce8 24. Bxf6 gxf6 25. Bd5 Bc8 26. Qg6+ Kh8 27. Qxh6+
Kg8 28. Qg6+ Kh8 29. Qxf6+ Kh7 30. Re1 Bh3+ 31. Bg2 Re6 32. Qh4+ Rh6 33. Qe4+
f5 34. Qd5 Bxg2+ 35. Kxg2 Qxc6 36. Rad1 Qxd5+ 37. cxd5 f4 38. Rf1 fxg3 39. hxg3
Rxf1 40. Rxf1 Kg7 41. Rf4 Rg6 42. Ra4 a5 43. a3 Bd6 44. g4 Rg5 45. Kf3 Rxd5 46.
Ke4 Rb5 47. b4 axb4 48. Ra7+ Kg6 49. axb4 Rxb4+ 50. Kd5 Bc5 51. Kc6 Rxg4 52.
Ra1 Rf4 53. Re1 Kf7 54. Kb5 Rf6 55. Re4 Re6 56. Rh4 Be7 57. Rh8 Bc5 58. Rh1 Ke7
59. Rd1 Rd6 60. Rh1 Kd8 61. Rh8+ Kc7 62. Rh7+ Rd7 63. Rh6 Rd5 64. Rh7+ Be7+ 65.
Kc4 Rc5+ 66. Kb3 Re5 67. Ka4 Kc6 68. Kb3 Re3+ 69. Kc2 Bc5 70. Rh8 Kb5 71. Rh4
Bb4 72. Rh6 Ka5 73. Rh8 Ka4 74. Kb1 Kb3 75. Rh1 Re1+ 76. Rxe1 Bxe1 77. Ka1 Kc2
78. Ka2 b5 0-1

[Event "SR 1. liga zapad 2011/2012"]
[Site "?"]
[Date "2012.01.08"]
[Round "7.3"]
[White "Chovanec, Milan"]
[Black "Polasek, Filip"]
[Result "1-0"]
[WhiteElo "2137"]
[BlackElo "2123"]
[PlyCount "83"]
[EventDate "2011.??.??"]
[TimeControl "180"]

1. e4 e5 2. Nf3 Nc6 3. Bb5 a6 4. Bxc6 bxc6 5. d4 exd4 6. Nxd4 Bc5 7. O-O Ne7 8.
Nb3 Bb6 9. c4 O-O 10. c5 Ba7 11. Nc3 d6 12. Be3 Be6 13. Qe2 Ng6 14. f4 f5 15.
Nd4 Qe8 16. g4 Bxc5 17. exf5 Bxf5 18. gxf5 Bxd4 19. Bxd4 Qxe2 20. Nxe2 Rxf5 21.
Rac1 c5 22. Be3 Re8 23. Rc3 Rf7 24. Ng3 Kf8 25. Ra3 Ke7 26. Rxa6 Kd7 27. Bd2
Rb8 28. b3 Rbf8 29. Ra4 d5 30. Ra5 Nxf4 31. Bxf4 Rxf4 32. Rxf4 Rxf4 33. Rxc5
Kd6 34. Rc2 c5 35. Rf2 Rg4 36. Kf1 g6 37. Ke2 Kc6 38. Ke3 Kb5 39. Rf4 d4+ 40.
Ke4 d3 41. Rxg4 d2 42. Ne2 1-0

[Event "SR 1. liga zapad 2011/2012"]
[Site "?"]
[Date "2012.01.08"]
[Round "7.3"]
[White "Kvassay, Peter"]
[Black "Diviak, Rastislav"]
[Result "1/2-1/2"]
[WhiteElo "2080"]
[BlackElo "2020"]
[PlyCount "96"]
[EventDate "2011.??.??"]
[TimeControl "180"]

1. d4 d5 2. Nf3 Nf6 3. c4 c6 4. Nc3 e6 5. e3 Nbd7 6. Bd3 dxc4 7. Bxc4 b5 8. Bd3
a6 9. e4 c5 10. e5 cxd4 11. Nxb5 axb5 12. exf6 Bb4+ 13. Bd2 Bxd2+ 14. Qxd2 Qxf6
15. Bxb5 e5 16. O-O O-O 17. Rfe1 Nb6 18. Nxe5 Bb7 19. Qxd4 Rfd8 20. Qe3 Qe6 21.
Nc6 Qxe3 22. Rxe3 Bxc6 23. Bxc6 Rxa2 24. Rae1 g6 25. R3e2 Nc4 26. Bb5 Nd6 27.
Bc6 Rb8 28. Rb1 Nc4 29. Bd5 Raxb2 30. Rexb2 Rxb2 31. Rd1 Ne5 32. h3 Rc2 33. f4
Nc4 34. Bxc4 Rxc4 35. Rf1 h5 36. g3 Rc2 37. Rf2 Rxf2 38. Kxf2 Kg7 39. Ke3 Kf6
40. Ke4 Ke6 41. f5+ gxf5+ 42. Kf4 h4 43. gxh4 Kf6 44. h5 Kg7 45. Kxf5 Kh6 46.
Kf6 Kxh5 47. Kxf7 Kh4 48. Kf6 Kxh3 1/2-1/2

[Event "SR 1. liga zapad 2011/2012"]
[Site "?"]
[Date "2012.01.08"]
[Round "7.3"]
[White "Motuz, Karol"]
[Black "Meszaros, Michal"]
[Result "0-1"]
[WhiteElo "2346"]
[BlackElo "2377"]
[PlyCount "130"]
[EventDate "2011.??.??"]
[TimeControl "180"]

1. d4 Nf6 2. Nf3 g6 3. Bf4 Bg7 4. e3 O-O 5. Be2 d6 6. h3 c5 7. Nbd2 b6 8. O-O
Bb7 9. c3 Nbd7 10. Bh2 Rc8 11. a4 a6 12. Bd3 Rc7 13. Qe2 Qa8 14. e4 cxd4 15.
cxd4 Ne8 16. Rfe1 Rc8 17. Nc4 Nc7 18. a5 Qa7 19. axb6 Nxb6 20. Na5 Ba8 21. Bf4
d5 22. e5 Nd7 23. Ra3 e6 24. Qd2 Rb8 25. Bh6 Nb5 26. Bxg7 Kxg7 27. Ra4 Qb6 28.
h4 h5 29. Qf4 Bc6 30. Ra2 Nc7 31. Re3 Bb5 32. Bb1 f5 33. exf6+ Rxf6 34. Qg5 Nf8
35. Raa3 Ne8 36. Kh2 Nd6 37. Qe5 Nd7 38. Qg3 Nf5 39. Bxf5 Rxf5 40. Nb3 Rbf8 41.
Nc5 R8f6 42. Ng5 Nf8 43. f3 Kh6 44. Rac3 Be8 45. b3 Bf7 46. Re5 Rf4 47. Rce3
Bg8 48. Rd3 Qd6 49. Nh3 R4f5 50. Qe1 Nd7 51. Nxd7 Qxd7 52. Re2 Qc7+ 53. Kh1 Rf8
54. Rc3 Qb6 55. Qd2+ Kg7 56. Ng5 Rf4 57. g3 Rxd4 58. Qc1 Qd6 59. Rc7+ Kh8 60.
Kg2 Rd1 61. Qb2+ d4 62. Qc2 e5 63. Rc6 d3 64. Qc3 dxe2 65. Rxd6 e1=Q 0-1

[Event "SR 1. liga zapad 2011/2012"]
[Site "?"]
[Date "2012.01.08"]
[Round "7.3"]
[White "Pagerka, Martin"]
[Black "Jakubek, Peter"]
[Result "1-0"]
[WhiteElo "2200"]
[BlackElo "2144"]
[PlyCount "97"]
[EventDate "2011.??.??"]
[TimeControl "180"]

1. e4 c6 2. Nc3 d5 3. Nf3 Bg4 4. h3 Bxf3 5. Qxf3 e6 6. Be2 Nd7 7. O-O Ngf6 8.
d4 dxe4 9. Nxe4 Nxe4 10. Qxe4 Nf6 11. Qe3 Be7 12. Qg3 O-O 13. Bh6 Ne8 14. Be3
Nd6 15. Bd3 Nf5 16. Bxf5 exf5 17. c4 Re8 18. Rfd1 Bd6 19. Qf3 Qf6 20. d5 Be5
21. Rab1 f4 22. Bc5 b6 23. Ba3 c5 24. b4 Bd4 25. bxc5 bxc5 26. Rb5 a6 27. Rb7
Qe5 28. Rdb1 h6 29. Bb2 Rad8 30. Qd3 Bxb2 31. R1xb2 Qe1+ 32. Kh2 Qe5 33. Rd2
Rd6 34. Qf3 Rf6 35. Rbb2 Qd6 36. Re2 Re5 37. Rb6 Qxb6 38. Rxe5 Qb2 39. Qe4 Rg6
40. Qxf4 Rf6 41. Qe4 g6 42. f3 Kh7 43. Re7 Qxa2 44. Qd3 Qa5 45. d6 Qb6 46. d7
Qd6+ 47. Qxd6 Rxd6 48. Rxf7+ Kg8 49. Re7 1-0

[Event "SR 1. liga zapad 2011/2012"]
[Site "?"]
[Date "2012.01.08"]
[Round "7.3"]
[White "Pericka, Tomas"]
[Black "Capak, Stefan"]
[Result "0-1"]
[WhiteElo "2008"]
[BlackElo "2020"]
[PlyCount "80"]
[EventDate "2011.??.??"]
[TimeControl "180"]

1. e4 c5 2. Nf3 e6 3. Nc3 Nc6 4. d4 cxd4 5. Nxd4 d6 6. Be2 Nf6 7. g4 h6 8. Be3
Be7 9. Qd2 a6 10. O-O-O Nxd4 11. Bxd4 e5 12. Be3 Nxg4 13. Bxg4 Bxg4 14. Nd5
Bxd1 15. Qxd1 Bg5 16. Rg1 Bxe3+ 17. Nxe3 g6 18. Qd5 Qc7 19. Nc4 Rd8 20. Rd1 O-O
21. h4 h5 22. Rg1 Kh7 23. Ne3 Qe7 24. Rg5 f6 25. Rg3 Qf7 26. Qa5 Rc8 27. Nd5
Rc5 28. Qd2 f5 29. Nc3 Qe6 30. exf5 Qxf5 31. Qxd6 Rc6 32. Qd1 Qxf2 33. Rg1 Qf4+
34. Kb1 e4 35. a3 Rd6 36. Qe2 e3 37. Nd1 Rd2 38. Qe1 e2 39. Nc3 Qf2 40. Qxd2
Qxg1+ 0-1

[Event "SR 1. liga zapad 2011/2012"]
[Site "?"]
[Date "2012.01.08"]
[Round "7.3"]
[White "Skrabakova, Katarina"]
[Black "Gasa, Andrej"]
[Result "1-0"]
[WhiteElo "2047"]
[BlackElo "2257"]
[PlyCount "75"]
[EventDate "2011.??.??"]
[TimeControl "180"]

1. e4 c5 2. Nf3 d6 3. d4 cxd4 4. Nxd4 Nf6 5. Nc3 a6 6. Be2 e6 7. O-O Qc7 8. f4
Be7 9. Be3 Nc6 10. Qe1 Nxd4 11. Bxd4 e5 12. fxe5 dxe5 13. Qg3 Bc5 14. Qxg7
Bxd4+ 15. Kh1 Rg8 16. Qxf6 Be6 17. Bh5 Qe7 18. Nd5 Bxd5 19. exd5 Qxf6 20. Rxf6
Rg5 21. Bxf7+ Ke7 22. Raf1 Bxb2 23. Rb6 Ba3 24. Rxb7+ Kd6 25. Rf6+ Kc5 26. Rc6+
Kd4 27. Rb3 e4 28. Rxa3 Rf5 29. Ra4+ Ke3 30. g3 Rxf7 31. Re6 Rf1+ 32. Kg2 Rf2+
33. Kh3 Rxc2 34. Rexe4+ Kf2 35. d6 Rc6 36. Rad4 Rd8 37. d7 Kf3 38. Kh4 1-0

[Event "SR 1. liga zapad 2011/2012"]
[Site "?"]
[Date "2012.01.08"]
[Round "7.4"]
[White "Doucha, Ludvik"]
[Black "Podoba, Milan"]
[Result "0-1"]
[WhiteElo "2102"]
[BlackElo "2157"]
[PlyCount "118"]
[EventDate "2011.??.??"]

1. e4 d5 2. exd5 Qxd5 3. Nc3 Qa5 4. d4 Nf6 5. Bc4 Bg4 6. f3 Bf5 7. Nge2 e6 8.
Bd2 Qb6 9. Bb3 Nc6 10. Na4 Qa6 11. Nc5 Bxc5 12. dxc5 O-O-O 13. Qc1 Nd7 14. Be3
Nxc5 15. Kf2 Qa5 16. Qe1 Nxb3 17. cxb3 Qxe1+ 18. Raxe1 Nb4 19. Nc1 Nc2 20. Rd1
Nxe3 21. Kxe3 Rd6 22. b4 Rhd8 23. Rde1 Bc2 24. Re2 Bd1 25. Ree1 Ba4 26. Re2 e5
27. a3 f6 28. Rhe1 Rd1 29. Kf2 Rxe1 30. Rxe1 Rd2+ 31. Re2 Rc2 32. Rxc2 Bxc2 33.
Ke3 Kd7 34. Kd2 Ba4 35. Ke3 Kd6 36. Nd3 Bc2 37. Nc1 c5 38. bxc5+ Kxc5 39. Kd2
Bb1 40. Kc3 b6 41. Nb3+ Kd5 42. Nd2 Bg6 43. Nc4 f5 44. Ne3+ Kd6 45. Nc4+ Ke6
46. Kb4 Be8 47. Kc3 Bb5 48. Nd2 g5 49. g3 Be2 50. f4 gxf4 51. gxf4 exf4 52. Kd4
Kf6 53. Nb1 Kg5 54. Nc3 Bf1 55. Nd5 Bg2 56. Ne7 Bb7 57. Ke5 f3 58. Nxf5 f2 59.
Ng3 Bg2 0-1

[Event "SR 1. liga zapad 2011/2012"]
[Site "?"]
[Date "2012.01.08"]
[Round "7.4"]
[White "Kovacik, Emil"]
[Black "Lukac, Roman"]
[Result "0-1"]
[WhiteElo "2222"]
[BlackElo "2165"]
[PlyCount "104"]
[EventDate "2011.??.??"]

1. e4 e5 2. Nf3 Nc6 3. Bb5 a6 4. Ba4 d6 5. O-O Bd7 6. c4 Nge7 7. Nc3 g6 8. d4
Bg7 9. d5 Nb8 10. b4 O-O 11. c5 h6 12. Nd2 Bxa4 13. Qxa4 Nd7 14. Ba3 b5 15. Qc2
f5 16. f3 Nf6 17. Bb2 c6 18. dxc6 dxc5 19. bxc5 Nxc6 20. Nb3 Nb4 21. Qe2 Qd3
22. Rfd1 Qxe2 23. Nxe2 fxe4 24. Bxe5 Rfe8 25. f4 Nd3 26. Bd4 Nd5 27. g3 Rac8
28. a4 Bxd4+ 29. Nexd4 Nc3 30. Rd2 Nxa4 31. f5 Kf7 32. fxg6+ Kxg6 33. Ne2 Naxc5
34. Nxc5 Nxc5 35. Rd6+ Kg7 36. Kf2 Red8 37. Rxd8 Rxd8 38. Ke3 Kf6 39. Nd4 Rd6
40. Rf1+ Kg6 41. g4 b4 42. Rb1 b3 43. h4 a5 44. Rc1 b2 45. Rb1 Rb6 46. Ne2 a4
47. Nf4+ Kh7 48. Nd5 Rb3+ 49. Kd4 a3 50. Nf6+ Kg6 51. Nh5 a2 52. Rf1 Rf3 0-1

[Event "SR 1. liga zapad 2011/2012"]
[Site "?"]
[Date "2012.01.08"]
[Round "7.4"]
[White "Lanc, Alois"]
[Black "Bombek, Peter"]
[Result "0-1"]
[WhiteElo "2367"]
[BlackElo "2179"]
[PlyCount "38"]
[EventDate "2011.??.??"]

1. e4 e6 2. d4 d5 3. e5 c5 4. dxc5 Nc6 5. Nf3 Bxc5 6. Bd3 f6 7. exf6 Nxf6 8.
O-O O-O 9. Qe2 e5 10. Nxe5 Nxe5 11. Qxe5 Ng4 12. Qh5 g6 13. Bxg6 Qe7 14. b4
Bxf2+ 15. Kh1 hxg6 16. Qxg6+ Qg7 17. Qxg7+ Kxg7 18. h3 Bd7 19. a4 Bd4 0-1

[Event "SR 1. liga zapad 2011/2012"]
[Site "?"]
[Date "2012.01.08"]
[Round "7.4"]
[White "Nicolini, Alexander"]
[Black "Borik, Juraj"]
[Result "1-0"]
[WhiteElo "2154"]
[BlackElo "2198"]
[PlyCount "99"]
[EventDate "2011.??.??"]

1. e4 Nf6 2. e5 Nd5 3. d4 d6 4. Nf3 dxe5 5. dxe5 Bf5 6. Bc4 e6 7. Bg5 Qd7 8.
Qe2 h6 9. Bd2 Nc6 10. Bb3 g5 11. h3 Bb4 12. Nc3 Nxc3 13. Bxc3 Bxc3+ 14. bxc3 g4
15. hxg4 Bxg4 16. Ba4 Qd5 17. Rd1 Bxf3 18. gxf3 Qc5 19. Qe3 Qa5 20. Bxc6+ bxc6
21. Qd4 Qd5 22. Qf4 Qc5 23. Rd3 Rg8 24. Rxh6 Rd8 25. Rh7 Rf8 26. Rxd8+ Kxd8 27.
Qd4+ Qxd4 28. cxd4 c5 29. dxc5 Kd7 30. Ke2 Kc6 31. Ke3 Kd5 32. f4 c6 33. Rh1
Kxc5 34. Rd1 a5 35. f5 Rb8 36. Rd7 exf5 37. Kf4 Rb2 38. Kxf5 Rxc2 39. f4 Rxa2
40. Rxf7 Re2 41. e6 a4 42. Ra7 Kd6 43. Rd7+ Kc5 44. Kf6 a3 45. e7 a2 46. Rd1
Kb4 47. Kf7 Kb3 48. e8=Q Rxe8 49. Kxe8 Kc2 50. Rf1 1-0

[Event "SR 1. liga zapad 2011/2012"]
[Site "?"]
[Date "2012.01.08"]
[Round "7.4"]
[White "Orgon, Dusan"]
[Black "Puchart, Vladimir"]
[Result "1/2-1/2"]
[WhiteElo "2107"]
[BlackElo "2079"]
[PlyCount "120"]
[EventDate "2011.??.??"]

1. d4 Nf6 2. Bg5 Ne4 3. Bh4 d5 4. Nd2 Bf5 5. e3 c5 6. Nxe4 Bxe4 7. dxc5 Qa5+ 8.
c3 Qxc5 9. Qb3 Nc6 10. Ne2 e5 11. Ng3 Be7 12. Bxe7 Qxe7 13. Nxe4 dxe4 14. Bb5
O-O 15. Bxc6 bxc6 16. Qc4 Rfd8 17. Qxe4 Qc5 18. Qc2 Qc4 19. b3 Qh4 20. O-O Rd6
21. g3 Qg4 22. Rad1 Rad8 23. f3 Qg5 24. Kf2 Qh6 25. h4 g5 26. Rxd6 Rxd6 27. Rd1
gxh4 28. Rxd6 hxg3+ 29. Kxg3 Qxd6 30. Qe4 Qf6 31. b4 h5 32. a4 Kf8 33. b5 cxb5
34. axb5 Qg5+ 35. Kf2 h4 36. Qg4 Qd8 37. Ke2 Qa5 38. Qc8+ Kg7 39. Qc4 Qa1 40.
Qg4+ Kf8 41. c4 Qb2+ 42. Kf1 Qc1+ 43. Kg2 Qxe3 44. Qxh4 Ke8 45. Qe4 Qg5+ 46.
Kf2 Qd2+ 47. Kg3 Qg5+ 48. Qg4 Qe3 49. Qc8+ Ke7 50. Qc7+ Kf6 51. Qd8+ Kf5 52.
Qd7+ Kg5 53. Qg4+ Kf6 54. Qh4+ Ke6 55. Qg4+ Kf6 56. Qe4 Qg5+ 57. Kf2 Qd2+ 58.
Kg3 Qg5+ 59. Kf2 Qd2+ 60. Kg3 Qg5+ 1/2-1/2

[Event "SR 1. liga zapad 2011/2012"]
[Site "?"]
[Date "2012.01.08"]
[Round "7.4"]
[White "Stetina, Erik"]
[Black "Pupak, Tomas"]
[Result "1/2-1/2"]
[WhiteElo "2042"]
[BlackElo "1968"]
[PlyCount "36"]
[EventDate "2011.??.??"]

1. e4 c6 2. Nc3 d5 3. Nf3 Bg4 4. h3 Bxf3 5. Qxf3 e6 6. d3 Nf6 7. e5 Nfd7 8. Qg3
c5 9. Be2 Nc6 10. f4 Nd4 11. O-O g6 12. Bd1 h5 13. Ne2 h4 14. Qe1 Nf5 15. Nc3
a6 16. Bd2 b5 17. Bf3 Nb6 18. Nd1 c4 1/2-1/2

[Event "SR 1. liga zapad 2011/2012"]
[Site "?"]
[Date "2012.01.08"]
[Round "7.4"]
[White "Veres, Andrej"]
[Black "Miklas, Marian"]
[Result "1/2-1/2"]
[WhiteElo "2174"]
[BlackElo "2143"]
[PlyCount "80"]
[EventDate "2011.??.??"]

1. d4 Nf6 2. c4 g6 3. Nc3 Bg7 4. e4 d6 5. Nf3 O-O 6. Be2 e5 7. O-O Nc6 8. d5
Ne7 9. b4 a5 10. Ba3 axb4 11. Bxb4 b6 12. a4 Ne8 13. a5 c5 14. dxc6 bxa5 15.
Nb5 Nxc6 16. Ba3 Bg4 17. Nxd6 Bxf3 18. Bxf3 Nxd6 19. Bxd6 Re8 20. Qd5 Nd4 21.
Bd1 Qf6 22. f4 Qe6 23. fxe5 Bxe5 24. Bxe5 Qxd5 25. exd5 Rxe5 26. Rf4 Ne2+ 27.
Bxe2 Rxe2 28. Rd4 Kf8 29. Kf1 Rb2 30. d6 Ke8 31. c5 Rc2 32. Re1+ Kf8 33. Re5
Rd8 34. Rde4 a4 35. Re3 f6 36. Re7 Rxc5 37. d7 Re5 38. R3xe5 fxe5 39. Rxh7 a3
40. Rh3 Rxd7 1/2-1/2

[Event "SR 1. liga zapad 2011/2012"]
[Site "?"]
[Date "2012.01.08"]
[Round "7.4"]
[White "Vojtek, Vladimir"]
[Black "Likavsky, Tomas"]
[Result "1-0"]
[WhiteElo "2311"]
[BlackElo "2486"]
[PlyCount "123"]
[EventDate "2011.??.??"]

1. e4 c5 2. Nf3 d6 3. d4 cxd4 4. Qxd4 Nc6 5. Bb5 Bd7 6. Bxc6 Bxc6 7. Nc3 e5 8.
Qd3 h6 9. Nd2 Nf6 10. Nc4 Rc8 11. a4 Nxe4 12. Nxe4 d5 13. Nxe5 dxe4 14. Qxd8+
Rxd8 15. Nxc6 bxc6 16. Be3 a6 17. Ke2 Bd6 18. Rad1 Be5 19. Rxd8+ Kxd8 20. Rd1+
Kc7 21. a5 f5 22. h4 g5 23. hxg5 hxg5 24. Bxg5 f4 25. Be7 Rg8 26. Bc5 Rxg2 27.
Bb6+ Kc8 28. Rd8+ Kb7 29. Rd7+ Kc8 30. Rd8+ Kb7 31. Re8 Rg5 32. b4 Rf5 33. Re6
e3 34. fxe3 f3+ 35. Kf1 Rh5 36. Kf2 Bc3 37. Bc5 Rh2+ 38. Kxf3 Rxc2 39. Re7+ Kc8
40. Ra7 Rb2 41. Rxa6 Bxb4 42. Rxc6+ Kd7 43. Rb6 Bc3 44. Rxb2 Bxb2 45. a6 Kc6
46. Bd4 Ba3 47. e4 Bd6 48. Kg4 Bh2 49. Kf5 Bg3 50. Be3 Bd6 51. Ke6 Bg3 52. a7
Kb7 53. Kd5 Bh2 54. Bc5 Bg3 55. Ke6 Bf4 56. Kd5 Bg3 57. Bd6 Bh4 58. e5 Kxa7 59.
Kc6 Ka6 60. Bc7 Bg5 61. e6 Bh4 62. Kd7 1-0